Tris's book / (Record no. 11309)
[ view plain ]
| 000 -LEADER | |
|---|---|
| fixed length control field | 01068cam a22003493a 4500 |
| 001 - CONTROL NUMBER | |
| control field | 14902374 |
| 003 - CONTROL NUMBER IDENTIFIER | |
| control field | OSt |
| 005 - DATE AND TIME OF LATEST TRANSACTION | |
| control field | 20140310182248.0 |
| 008 - FIXED-LENGTH DATA ELEMENTS--GENERAL INFORMATION | |
| fixed length control field | 990831t19991998nyub c 000 1 eng d |
| 010 ## - LIBRARY OF CONGRESS CONTROL NUMBER | |
| LC control number | 2007580692 |
| 020 ## - INTERNATIONAL STANDARD BOOK NUMBER | |
| International Standard Book Number | 0590554093 (pbk.) : |
| Terms of availability | $4.99 |
| 020 ## - INTERNATIONAL STANDARD BOOK NUMBER | |
| International Standard Book Number | 9780590554091 (pbk.) |
| 035 ## - SYSTEM CONTROL NUMBER | |
| System control number | (OCoLC)ocm42269879 |
| 035 ## - SYSTEM CONTROL NUMBER | |
| System control number | (OCoLC)42269879 |
| 040 ## - CATALOGING SOURCE | |
| Original cataloging agency | WYE |
| Transcribing agency | WYE |
| Modifying agency | LEO |
| -- | OCLCQ |
| -- | BAKER |
| -- | BTCTA |
| -- | DLC |
| 042 ## - AUTHENTICATION CODE | |
| Authentication code | lccopycat |
| 050 00 - LIBRARY OF CONGRESS CALL NUMBER | |
| Classification number | PZ 7 |
| Item number | .P615 1999 |
| 082 ## - DEWEY DECIMAL CLASSIFICATION NUMBER | |
| Classification number | FIC |
| Item number | P61c 1998 |
| 100 1# - MAIN ENTRY--PERSONAL NAME | |
| Personal name | Pierce, Tamora. |
| 9 (RLIN) | 19642 |
| 245 10 - TITLE STATEMENT | |
| Title | Tris's book / |
| Statement of responsibility, etc | Tamora Pierce. |
| 260 ## - PUBLICATION, DISTRIBUTION, ETC. (IMPRINT) | |
| Place of publication, distribution, etc | New York : |
| Name of publisher, distributor, etc | Point/Scholastic, |
| Date of publication, distribution, etc | c1999. |
| 300 ## - PHYSICAL DESCRIPTION | |
| Extent | 251 p. : |
| Dimensions | 18 cm. |
| 490 0# - SERIES STATEMENT | |
| Series statement | Circle of magic ; |
| Volume number/sequential designation | 2 |
| 650 #0 - SUBJECT ADDED ENTRY--TOPICAL TERM | |
| Topical term or geographic name as entry element | Magic |
| Form subdivision | Fiction. |
| 9 (RLIN) | 19754 |
| 655 #7 - INDEX TERM--GENRE/FORM | |
| Genre/form data or focus term | Fantasy. |
| Source of term | gsafd |
| 9 (RLIN) | 19755 |
| 655 #7 - INDEX TERM--GENRE/FORM | |
| Genre/form data or focus term | Young adult fiction. |
| Source of term | lcsh |
| 9 (RLIN) | 3735 |
| 710 2# - ADDED ENTRY--CORPORATE NAME | |
| Corporate name or jurisdiction name as entry element | Copyright Paperback Collection (Library of Congress) |
| Institution to which field applies | DLC |
| 9 (RLIN) | 705 |
| 906 ## - LOCAL DATA ELEMENT F, LDF (RLIN) | |
| a | 7 |
| b | cbc |
| c | copycat |
| d | 2 |
| e | ncip |
| f | 20 |
| g | y-genrareb |
| 942 ## - ADDED ENTRY ELEMENTS (KOHA) | |
| Source of classification or shelving scheme | Library of Congress Classification |
| Koha item type | |
| Withdrawn status | Lost status | Source of classification or shelving scheme | Damaged status | Home library | Current library | Shelving location | Date acquired | Total Checkouts | Full call number | Barcode | Date last seen | Date checked out | Copy number | Price effective from | Koha item type |
|---|---|---|---|---|---|---|---|---|---|---|---|---|---|---|---|
| Library of Congress Classification | Luxembourg Library | Luxembourg Library | Fiction Section | 09/14/2013 | 2 | PZ 7 .P615 1999 | 18102 | 10/12/2016 | 09/21/2016 | 1 | 09/14/2013 | Books |